Subcontract procurement: are relationships changing? (Record no. 65884)

MARC details
000 -LEADER
fixed length control field 01011cam a2200241 4500
001 - CONTROL NUMBER
control field ABS63390
008 - FIXED-LENGTH DATA ELEMENTS--GENERAL INFORMATION
fixed length control field 000000n2001 000 0 eng u
035 ## - SYSTEM CONTROL NUMBER
System control number (Sirsi) u110526
100 ## - MAIN ENTRY--PERSONAL NAME
Personal name Greenwood, D.
245 ## - TITLE STATEMENT
Title Subcontract procurement: are relationships changing?
260 ## - PUBLICATION, DISTRIBUTION, ETC.
Date of publication, distribution, etc. 2001
490 ## - SERIES STATEMENT
Series statement Construction Management and Economics
Volume/sequential designation 19(1) January 2001, 5-7(3)
520 ## - SUMMARY, ETC.
Summary, etc. Recent media coverage seems to suggest that there has been a change in main contractors attitudes to subcontract procurement. This article, however, cautions against this belief arguing that the relationship between most contractors and their subcontractors is based on traditional, cost driven and adversarial lines. Includes references and statistical data.
590 ## - LOCAL NOTE (RLIN)
Local note ABS
650 ## - SUBJECT ADDED ENTRY--TOPICAL TERM
Topical term or geographic name entry element BUILDING CONTRACTORS
650 ## - SUBJECT ADDED ENTRY--TOPICAL TERM
Topical term or geographic name entry element Procurement-old
650 ## - SUBJECT ADDED ENTRY--TOPICAL TERM
Topical term or geographic name entry element RELATIONSHIPS
650 ## - SUBJECT ADDED ENTRY--TOPICAL TERM
Topical term or geographic name entry element SPECIALIST CONTRACTORS
650 ## - SUBJECT ADDED ENTRY--TOPICAL TERM
Topical term or geographic name entry element SUBCONTRACTING
650 ## - SUBJECT ADDED ENTRY--TOPICAL TERM
Topical term or geographic name entry element SUBCONTRACTORS
690 ## - LOCAL SUBJECT ADDED ENTRY--TOPICAL TERM (OCLC, RLIN)
Topical term or geographic name as entry element Procurement
9 (RLIN) 6260
942 ## - ADDED ENTRY ELEMENTS (KOHA)
Suppress in OPAC 0
Holdings
Withdrawn status Lost status Source of classification or shelving scheme Damaged status Not for loan Home library Current library Shelving location Date acquired Total Checkouts Full call number Barcode Date last seen Copy number Price effective from Koha item type
    Dewey Decimal Classification     London London Journal article 25/01/2001   ABS63390 110526-1001 06/08/2019 1 06/08/2019 Journal article